|
|
|
|
| LEADER |
00000nam0a2200000 4500 |
| 001 |
374338 |
| 005 |
20231102012637.0 |
| 010 |
|
|
|a 5750702995
|
| 020 |
|
|
|a RU
|b 90-61076
|
| 035 |
|
|
|a (RuTPU)RU\TPU\retro\31772
|
| 035 |
|
|
|a RU\TPU\book\206917
|
| 090 |
|
|
|a 374338
|
| 100 |
|
|
|a 20221219d1990 km y0rusy5003 ca
|
| 101 |
0 |
|
|a rus
|
| 102 |
|
|
|a RU
|
| 105 |
|
|
|a a z 001zy
|
| 200 |
1 |
|
|a Процессы прогрева многослойных тел лучисто-конвективным теплом
|f В. В. Иванов, Ю. В. Видин, В. А. Колесник
|g Ростовский инженерно-строительный институт; под ред. Н. С. Ландкофа
|
| 210 |
|
|
|a Ростов-на-Дону
|c Изд-во Ростовского ун-та
|d 1990
|
| 215 |
|
|
|a 159 с.
|c ил.
|
| 320 |
|
|
|a Библиогр.: с. 152-157.
|
| 606 |
1 |
|
|a Твердые тела
|x Теплопроводность
|2 stltpush
|3 (RuTPU)RU\TPU\subj\58689
|9 76454
|
| 610 |
1 |
|
|a многослойные тела
|
| 610 |
1 |
|
|a прогрев
|
| 610 |
1 |
|
|a лучисто-конвективное тепло
|
| 610 |
1 |
|
|a радиационный нагрев
|
| 610 |
1 |
|
|a теплоперенос
|
| 610 |
1 |
|
|a метод расчета
|
| 610 |
1 |
|
|a теплопроводность
|
| 610 |
1 |
|
|a численное моделирование
|
| 675 |
|
|
|a 536.21
|v 3
|
| 700 |
|
1 |
|a Иванов
|b В. В.
|g Владлен Васильевич
|4 070
|
| 701 |
|
1 |
|a Видин
|b Ю. В.
|g Юрий Владимирович
|
| 701 |
|
1 |
|a Колесник
|b В. А.
|g Виталий Антонович
|
| 702 |
|
1 |
|a Ландкоф
|b Н. С.
|4 340
|
| 712 |
0 |
2 |
|a Ростовский инженерно-строительный институт
|2 stltpush
|3 (RuTPU)RU\TPU\col\10045
|9 24785
|
| 801 |
|
0 |
|a RU
|b RuMRKP
|c 19950417
|g psbo
|
| 801 |
|
1 |
|a RU
|b 63413507
|c 20110115
|
| 801 |
|
2 |
|a RU
|b 63413507
|c 20221219
|g RCR
|
| 942 |
|
|
|c BK
|